00465 a2200157 450000500170000001000130001702000230003003500130005303700160006608200120008210000160009424500690011026000450017927000610022430000220028520240516105423.0 aB-759050 a0195658752c395.00 aB-759050 bGift/Unesco a338.954 aDreze, Jean aIndia Development and Participation/cJean Dreze and Amartya Sen aNew DelhibOxford University Pressc2002 aYMCA Library Building Jai Singh Road bNew Delhie110001 a511 p.c22cm (Hb)